000 00878nam a2200205 a 4500
001 000035603
005 20200930074451.0
008 111105s2010 bl a 000 0 spa d
020 _a9788576172017
040 _aDO-SdBNP
_bspa
_cBNPHU
082 _axxxx
_bC355m
100 1 _aCastro, Maurício Barros de,
_961508
245 1 0 _aMestre Joao Grande :
_bna roda do mundo /
_cMaurício Barros de Castro.
260 _aRio de Janeiro, Brasil :
_bMinistério da Cultura, Fundação Biblioteca Nacional :
_bGaramond,
_c2010.
300 _a151 p. :
_bil. ;
_c21 cm.
490 1 _aPersonalidades negras
504 _aIncluye referencias bibliográficas y notas a pie de página.
500 _aOriginalmente presentado como trabajo de tesis para optar por el grado de Doctor en Letras, Filosofía y Ciencias Humanas da Universidad de São Paulo.
830 0 _aPersonalidades negras
_959292
999 _c35094
_d35094